Gaming Quiz

Random Gaming or Board Games Quiz

Is It Checkmate? Quiz Stats

Quiz Updated Nov 1, 2015

Challenge
Share
Tweet
Score 0/12 Timer 06:00
5 Plays Today
% Correct
Yes, White is checkmated.
78.2%
Yes, Black is checkmated.
77.8%
Yes, Black is checkmated.
75.3%
Yes, White is checkmated.
72.7%
Not checkmate: White's knight can capture Black's queen.
70.3%
Yes, White is checkmated.
70%
This is stalemate, not checkmate, because Black's king is not under attack.
68%
Black can take the queen with his rook, though he will be checkmated next move.
64%
Not checkmate as White can capture Black's pawn.
62.9%
Not checkmate: White can interpose with the bishop.
62.6%
This is another stalemate.
62.6%
Yes, Black is checkmated.
47.9%

You're not logged in!

Compare scores with friends on all Sporcle quizzes.
Sign Up with Email
OR
Log In

You Might Also Like...

Show Comments

Extras

Top Quizzes Today


Score Distribution

Your Account Isn't Verified!

In order to create a playlist on Sporcle, you need to verify the email address you used during registration. Go to your Sporcle Settings to finish the process.